000 00581nam a22001697a 4500
003 OSt
005 20171010095437.0
008 120524t xxu||||| |||| 00| 0 eng d
040 _aMMSU
_cULS
100 _aGarcia, Shaena Mae L.
_99705
245 _aWound healing potential of chrysanthemum (Chrysanthemum Indica L.) flower extract
_cShaena Mae L. Garcia
260 _c2007
300 _axvii, 55 leaves
_c28 cm.
500 _aThesis (BS Biology) -- Mariano Marcos State University-College of Arts and Sciences, Batac City
504 _aBibliography: None
942 _2ddc
_cTHEDIS
999 _c9521
_d9521